NFL Pro Bowl Offensive Guards 2010s - Statistics

General Stats
  • This quiz has been taken 3 times
  • The average score is 47 of 82
Answer Stats
Year Team Player % Correct
2019 Eagles Brandon Brooks
100%
2018 Eagles Brandon Brooks
100%
2017 Eagles Brandon Brooks
100%
2019 Steelers David DeCastro
100%
2018 Steelers David DeCastro
100%
2017 Steelers David DeCastro
100%
2016 Steelers David DeCastro
100%
2015 Steelers David DeCastro
100%
2019 Browns Joel Bitonio
100%
2018 Browns Joel Bitonio
100%
2015 Buccaners Logan Mankins
100%
2013 Patriots Logan Mankins
100%
2012 Patriots Logan Mankins
100%
2011 Patriots Logan Mankins
100%
2010 Patriots Logan Mankins
100%
2019 Colts Quenton Nelson
100%
2018 Colts Quenton Nelson
100%
2019 Cowboys Zack Martin
100%
2018 Cowboys Zack Martin
100%
2017 Cowboys Zack Martin
100%
2016 Cowboys Zack Martin
100%
2015 Cowboys Zack Martin
100%
2014 Cowboys Zack Martin
100%
2018 Saints Andrus Peat
67%
2017 Redskins Brandon Scherff
67%
2016 Redskins Brandon Scherff
67%
2014 Saints Jahri Evans
67%
2013 Saints Jahri Evans
67%
2012 Saints Jahri Evans
67%
2011 Saints Jahri Evans
67%
2010 Saints Jahri Evans
67%
2017 Raiders Kelechi Osemele
67%
2016 Raiders Kelechi Osemele
67%
2014 Bears Kyle Long
67%
2013 Bears Kyle Long
67%
2019 Ravens Marshal Yanda
67%
2018 Ravens Marshal Yanda
67%
2016 Ravens Marshal Yanda
67%
2015 Ravens Marshal Yanda
67%
2014 Ravens Marshal Yanda
67%
2013 Ravens Marshal Yanda
67%
2012 Ravens Marshal Yanda
67%
2011 Ravens Marshal Yanda
67%
2017 Bills Richie Incognito
67%
2016 Bills Richie Incognito
67%
2015 Bills Richie Incognito
67%
2012 Dolphins Richie Incognito
67%
2011 Patriots Brian Waters
33%
2010 Chiefs Brian Waters
33%
2014 Eagles Evan Mathis
33%
2013 Eagles Evan Mathis
33%
2016 Packers Josh Sitton
33%
2015 Packers Josh Sitton
33%
2014 Packers Josh Sitton
33%
2012 Packers Josh Sitton
33%
2019 Saints Larry Warford
33%
2018 Saints Larry Warford
33%
2017 Saints Larry Warford
33%
2013 Broncos Louis Vasquez
33%
2015 Cardinals Mike Iupati
33%
2014 49ers Mike Iupati
33%
2013 49ers Mike Iupati
33%
2012 49ers Mike Iupati
33%
2014 Dolphins Mike Pouncey
33%
2017 Lions T.J. Lang
33%
2016 Packers T.J. Lang
33%
2019 Panthers Trai Turner
33%
2018 Panthers Trai Turner
33%
2017 Panthers Trai Turner
33%
2016 Panthers Trai Turner
33%
2015 Panthers Trai Turner
33%
2012 Texans Wade Smith
33%
2013 Saints Ben Grubbs
0%
2011 Ravens Ben Grubbs
0%
2011 Jets Brandon Moore
0%
2011 Saints Carl Nicks
0%
2010 Saints Carl Nicks
0%
2012 Giants Chris Snee
0%
2010 Giants Chris Snee
0%
2011 Buccaneers Davin Joseph
0%
2010 Chargers Kris Dielman
0%
2012 Broncos Zane Beadles
0%
No matching quizzes found
Score Distribution
Percent of People with Each Score
Percentile by Number Answered
Your Score History
You have not taken this quiz